Forging Connections in Early Mathematics Teaching and Learning

This edited book promotes thinking, dialogue, research and theorisation on multiple ways of making connections in mathematics teaching and learning in early childhood education.  The book addresses some key challenges in research, policy and practice in early childhood mathematics education. It exam...

Full description

Bibliographic Details
Corporate Author: SpringerLink (Online service)
Other Authors: Kinnear, Virginia (Editor, http://id.loc.gov/vocabulary/relators/edt), Lai, Mun Yee (Editor, http://id.loc.gov/vocabulary/relators/edt), Muir, Tracey (Editor, http://id.loc.gov/vocabulary/relators/edt)
Format: Electronic eBook
Language:English
Published: Singapore : Springer Singapore : Imprint: Springer, 2018.
Edition:1st ed. 2018.
Series:Early Mathematics Learning and Development,
Subjects:
Online Access:Full Text via HEAL-Link
LEADER 04894nam a2200553 4500
001 978-981-10-7153-9
003 DE-He213
005 20191028121701.0
007 cr nn 008mamaa
008 171212s2018 si | s |||| 0|eng d
020 |a 9789811071539  |9 978-981-10-7153-9 
024 7 |a 10.1007/978-981-10-7153-9  |2 doi 
040 |d GrThAP 
050 4 |a LC8-6691 
072 7 |a JNU  |2 bicssc 
072 7 |a EDU029010  |2 bisacsh 
072 7 |a JNU  |2 thema 
072 7 |a PB  |2 thema 
082 0 4 |a 370  |2 23 
245 1 0 |a Forging Connections in Early Mathematics Teaching and Learning  |h [electronic resource] /  |c edited by Virginia Kinnear, Mun Yee Lai, Tracey Muir. 
250 |a 1st ed. 2018. 
264 1 |a Singapore :  |b Springer Singapore :  |b Imprint: Springer,  |c 2018. 
300 |a XI, 284 p. 67 illus.  |b online resource. 
336 |a text  |b txt  |2 rdacontent 
337 |a computer  |b c  |2 rdamedia 
338 |a online resource  |b cr  |2 rdacarrier 
347 |a text file  |b PDF  |2 rda 
490 1 |a Early Mathematics Learning and Development,  |x 2213-9273 
505 0 |a 1 Forging Connections in Early Mathematics: Perspectives and provocations -- 2 Early Mathematics Education: A plea for mathematically founded conceptions -- 3 Powerful Frameworks for Conceptual Understanding -- 4 Building Connections between Children's Representations and their Conceptual Development in Mathematics -- 5 Geometry Learning in the Early Years: Developing understanding of shapes and space with a focus on visualization -- 6 A Possible Learning Trajectory for Young Children's Experiences of the Evolution of the Base-ten Positional Numeral System -- 7  From Cradle to Classroom: Exploring opportunities to support the development of shape and space concepts in very young children -- 8 Mathematizing Basic Addition -- 9 Connecting the Mathematics Identity of Early Childhood Educators to Classroom Experiences for Young Children -- 10 Using Mathematics to Forge Connections between Home and School -- 11 Young Children's Reasoning through Data Exploration -- 12 Making Connections to Realize Learning Potential in Early Childhood Mathematics -- 13 Children's Interests: Cultural ways of knowing Mathematics -- 14 Making Connections using Multiplication and Division Contexts -- 15 Slow Maths: A metaphor of Connectedness for Early Childhood Mathematics. 
520 |a This edited book promotes thinking, dialogue, research and theorisation on multiple ways of making connections in mathematics teaching and learning in early childhood education.  The book addresses some key challenges in research, policy and practice in early childhood mathematics education. It examines diverse ways for learning experiences to connect young children to mathematics, and the importance of forging connections between mathematics and young children's lives as key elements in their engagement with mathematics. Each chapter provides research or theoretical provocations and pedagogical implications for connecting children's lived experiences and ways of learning in mathematics teaching. The chapters are drawn from a range of international authors who raise important ideas within the overall context of current research and consider the theoretical and practical implications of their research. As such, the book advances current thinking on mathematics teaching and learning for children in the early years from birth to eight years with an emphasis on children aged birth to 5 years. It considers the purpose and value in connecting mathematics teaching and learning to children's lives, and provides provocations for both educators and researchers on the many under-researched and under-represented aspects of early years mathematics teaching and learning. 
650 0 |a Mathematics-Study and teaching . 
650 0 |a Child development. 
650 0 |a Learning. 
650 0 |a Instruction. 
650 1 4 |a Mathematics Education.  |0 http://scigraph.springernature.com/things/product-market-codes/O25000 
650 2 4 |a Early Childhood Education.  |0 http://scigraph.springernature.com/things/product-market-codes/O37000 
650 2 4 |a Learning & Instruction.  |0 http://scigraph.springernature.com/things/product-market-codes/O22000 
700 1 |a Kinnear, Virginia.  |e editor.  |4 edt  |4 http://id.loc.gov/vocabulary/relators/edt 
700 1 |a Lai, Mun Yee.  |e editor.  |4 edt  |4 http://id.loc.gov/vocabulary/relators/edt 
700 1 |a Muir, Tracey.  |e editor.  |4 edt  |4 http://id.loc.gov/vocabulary/relators/edt 
710 2 |a SpringerLink (Online service) 
773 0 |t Springer eBooks 
776 0 8 |i Printed edition:  |z 9789811071515 
776 0 8 |i Printed edition:  |z 9789811071522 
776 0 8 |i Printed edition:  |z 9789811355950 
830 0 |a Early Mathematics Learning and Development,  |x 2213-9273 
856 4 0 |u https://doi.org/10.1007/978-981-10-7153-9  |z Full Text via HEAL-Link 
912 |a ZDB-2-EDA 
950 |a Education (Springer-41171)